000 01237nac a22003251i 4500
003 EG-ScBUE
005 20250601084148.0
008 250408t1985 nyua f 001 0 eng d
020 _a047187373X
020 _a9780471873730
040 _aEG-ScBUE
_beng
_erda
_cEG-ScBUE
_dEG-ScBUE
082 0 4 _a530.12
_bEIS
_222
100 1 _aEisberg, Robert Martin,
_eauthor.
245 1 0 _aQuantum physics of atoms, molecules, solids, nuclei, and particles /
_cRobert Eisberg, University of California, Santa Barbara, Robert Resnick, Rensselaer Polytechnic Institute.
250 _aSecond edition.
264 1 _aNew York :
_bJohn Wiley & Sons,
_c[1985]
264 4 _cc1985
300 _a1 volume (various pagings) :
_billustrations ;
_c27 cm
336 _2rdacontent
_atext
_btxt
337 _aunmediated
_2rdamedia
_bn
338 _avolume
_bnc
_2rdacarrier
500 _aIncludes index.
500 _aIncludes Appendices.
650 7 _aQuantum theory.
_2BUEsh
655 _vReading book
700 1 _aResnick, Robert,
_d1923-
_eauthor.
856 4 2 _3Publisher description
_uhttp://www.loc.gov/catdir/description/wiley031/84010444.html
856 4 2 _3Table of Contents
_uhttp://www.loc.gov/catdir/toc/onix01/84010444.html
942 _cBB
_2ddc
999 _c1631
_d1631